Подробности
| 000 -МАРКЕР |
| контрольное поле |
01440nam0a22002771 4500 |
| 001 - ИДЕНТИФИКАТОР ЗАПИСИ |
| контрольное поле |
rc\2615897 |
| 005 - ИДЕНТИФИКАТОР ВЕРСИИ |
| контрольное поле |
20250623140349.0 |
| 035 ## - ДРУГИЕ СИСТЕМНЫЕ НОМЕРА |
| Идентификатор записи |
(NLR Aleph) 006779651 |
| 100 ## - ДАННЫЕ ОБЩЕЙ ОБРАБОТКИ |
| Данные общей обработки |
20110914d1931 |||y0rusy50 ca |
| 101 1# - ЯЗЫК РЕСУРСА |
| Язык текста, звукозаписи и т.д. |
русский |
| Язык оригинала |
польский |
| 102 ## - СТРАНА ПУБЛИКАЦИИ ИЛИ ПРОИЗВОДСТВА |
| Страна публикации |
российская федерация |
| 105 ## - ПОЛЕ КОДИРОВАННЫХ ДАННЫХ: ТЕКСТОВЫЕ МАТЕРИАЛЫ, МОНОГРАФИЧЕСКИЕ |
| Кодированные данные о монографическом текстовом документе |
a z ||||| |
| 200 1# - ЗАГЛАВИЕ И СВЕДЕНИЯ ОБ ОТВЕТСТВЕННОСТИ |
| Основное заглавие |
Основы применения воздушных сил |
| Сведения, относящиеся к заглавию |
С 10 рис. и 27 черт. и схем |
| Первые сведения об ответственности |
Э. Гюименэ |
| Последующие сведения об ответственности |
Пер. с польск. Г. Григорьева |
| -- |
Под ред. и с пред. С. Меженикова |
| 210 ## - ПУБЛИКАЦИЯ, РАСПРОСТРАНЕНИЕ И ДР. |
| Место издания, распространения и т.д. |
Москва |
| Имя издателя, распространителя и т. д. |
Огиз - Гос. воен. изд-во |
| Дата издания, распространения и т.д. |
1931 |
| Место изготовления |
Ленинград |
| Имя изготовителя |
ЛОЦТ им. К. Ворошилова |
| 215 ## - ФИЗИЧЕСКАЯ ХАРАКТЕРИСТИКА |
| Специфическое обозначение материала и объем |
203 с., 4 вкл. л. схем. |
| Другие сведения о физической характеристике |
ил. |
| Размеры |
23х15 см. |
| 300 ## - ОБЩИЕ ПРИМЕЧАНИЯ |
| Текст примечания |
На обороте тит. л.: "Edmond Guillemeney, podpulkownik s. g. pilot-obserwator. O sposobach uzycia aeronautiki. Uwagi praktyczne poparte studijum konkretnych wypadkow na mapie polski. Tlumaczyl jungraw Jozef Maksymijan, kapitan-obserwator. 1927 - Warszawa - 1928" |
| 700 #1 - ИМЯ ЛИЦА - ПЕРВИЧНАЯ ОТВЕТСТВЕННОСТЬ |
| Начальный элемент ввода |
Гюименэ |
| Часть имени, кроме начального элемента ввода |
Э. |
| Расширение инициалов личного имени |
Эдмонд |
| 702 #1 - ИМЯ ЛИЦА - ВТОРИЧНАЯ ОТВЕТСТВЕННОСТЬ |
| Код отношения |
Редактор |
| -- |
Автор введения, предисловия, примечания и т.п. |
| Начальный элемент ввода |
Меженинов |
| Часть имени, кроме начального элемента ввода |
С. А. |
| Дополнения к именам, кроме дат |
1890-1937 |
| Даты |
воен. деятель |
| Расширение инициалов личного имени |
Сергей Александрович |
| Системный номер авторитетной/нормативной записи |
199662 |
| Идентификатор авторитетной/нормативной записи |
RU\NLR\AUTH\770199713 |
| 702 #1 - ИМЯ ЛИЦА - ВТОРИЧНАЯ ОТВЕТСТВЕННОСТЬ |
| Начальный элемент ввода |
Григорьев |
| Часть имени, кроме начального элемента ввода |
Г. |
| Код отношения |
Переводчик |
| 801 #0 - ИСТОЧНИК ЗАПИСИ |
| Страна |
российская федерация |
| Организация |
NLR |
| Правила каталогизации |
psbo |
| 801 #1 - ИСТОЧНИК ЗАПИСИ |
| Страна |
российская федерация |
| Организация |
ELAR |
| Источник данных |
rusmarc |
| 852 ## - МЕСТОНАХОЖДЕНИЕ И ШИФР ХРАНЕНИЯ |
| Идентификатор организации |
NLR |
| Шифр хранения (Call Number) |
31-4/668 |
| 942 ## - ДОПОЛНИТЕЛЬНЫЕ ЭЛЕМЕНТЫ ЗАПИСИ (АБИС) |
| Тип экземпляра АБИС |
Книга |
| 980 ## - КОЛЛЕКЦИЯ |
| Название коллекции |
Национальная библиография |